| 000 | 00546 a2200169 4500 | ||
|---|---|---|---|
| 999 |
_c80 _d80 |
||
| 020 | _a9780205783861 | ||
| 050 | _aB72 PLA 2010 | ||
| 100 |
_aBaird, Forest E. _eediror |
||
| 245 |
_aFrom Plato to Derrida / _c Forest E. Baird, editor |
||
| 264 |
_aBoston : _bPrentice Hall, _c2010 |
||
| 300 |
_axi,1217p. : _bill. |
||
| 440 | _aPhilosophic classics series | ||
| 500 | _aRev. ed. of: Philosophic classics, c2008 Includes bibliographic references and index | ||
| 650 | _aPhilosophy | ||
| 700 |
_aBaird, Forest E. _eeditor |
||
| 942 |
_2lcc _cBK _h72 _iPLA _kB |
||